Donativos

Detalles Bibliográficos
Autor principal: Luna Guerra, Antonio
Formato: eBook
Lenguaje:español
Publicado: Mx̌ico D.F. : Ediciones Fiscales ISEF, 2011
Materias:
Acceso en línea:http://www.vlex.com/source/11024

MARC

LEADER 00000nam a22000007a 4500
005 20130502185332.0
007 cr|||| ||||
008 130502e2011 mx |||||s|||| 00||0 spa d
020 |a 978-607-406-262-5 
035 |a 11024 
040 |a vLex 
090 |c 4254  |d 4254 
100 1 0 |a Luna Guerra, Antonio  
245 1 0 |a Donativos  |c / Antonio Luna Guerra   |h [Recurso electrn̤ico] 
256 |a Servicio en ln̕ea 
260 |a Mx̌ico D.F. :  |b Ediciones Fiscales ISEF,   |c 2011 
300 |a 1 Recurso electrn̤ico 
506 |d vLex Global  |d vLex Global (Academic Edition, excluding Law Schools)  |d vLex Global (U.S. Academic Edition, Law Schools)  |d vLex Global (U.S. Academic Edition, excluding Law Schools)  |d vLex Global (Academic Edition, Law Schools) 
650 0 4 |a Derecho civil  |z Mx̌ico 
650 0 4 |a Adquisiciones  |z Mx̌ico 
650 0 4 |a Donativos  |z Mx̌ico 
740 |a vLex Libros (Servicio en ln̕ea) 
856 |a Acceso restringido  |u http://www.vlex.com/source/11024 
942 |c BOOK 
999 0 |a Civil law